Top 10 Countries with Most Marines in the World - Statistics

General Stats
  • This quiz has been taken 350 times
  • The average score is 7 of 10
Answer Stats
Marines Country % Correct
1 242,675 United States
100%
10 10,000 China
87%
9 12,000 Russia
84%
7 15,520 Brazil
69%
6 19,238 Mexico
66%
3 25,000 South Korea
66%
5 20,000 Indonesia
52%
4 23,000 Thailand
47%
2 27,000 Vietnam
44%
8 15,000 Taiwan
42%
No matching quizzes found
Score Distribution
Percent of People with Each Score
Percentile by Number Answered
Your Score History
You have not taken this quiz